A Life Less Ordinary : (Record no. 15051)
[ view plain ]
| 000 -LEADER | |
|---|---|
| fixed length control field | 01353cam a2200325 a 4500 |
| 001 - CONTROL NUMBER | |
| control field | 15154752 |
| 005 - DATE AND TIME OF LATEST TRANSACTION | |
| control field | 20091020180713.0 |
| 008 - FIXED-LENGTH DATA ELEMENTS--GENERAL INFORMATION | |
| fixed length control field | 080125s2007 nyu |r 000 0aeng |
| 010 ## - LIBRARY OF CONGRESS CONTROL NUMBER | |
| LC control number | 2008270180 |
| 020 ## - INTERNATIONAL STANDARD BOOK NUMBER | |
| International Standard Book Number | 0061373982 |
| 020 ## - INTERNATIONAL STANDARD BOOK NUMBER | |
| International Standard Book Number | 9780061373985 |
| 040 ## - CATALOGING SOURCE | |
| Original cataloging agency | DLC |
| Transcribing agency | DLC |
| Modifying agency | DLC |
| 041 1# - LANGUAGE CODE | |
| Language code of text/sound track or separate title | eng |
| Language code of original and/or intermediate translations of text | ben |
| 043 ## - GEOGRAPHIC AREA CODE | |
| Geographic area code | a-ii--- |
| 050 00 - LIBRARY OF CONGRESS CALL NUMBER | |
| Classification number | HV1448.W47 |
| Item number | H3513 2007 |
| 082 00 - DEWEY DECIMAL CLASSIFICATION NUMBER | |
| Classification number | 305.489624092 |
| Edition number | 22 |
| Item number | HAL |
| 100 ## - MAIN ENTRY--PERSONAL NAME | |
| Personal name | Halder, Baby |
| 9 (RLIN) | 22797 |
| 245 12 - TITLE STATEMENT | |
| Title | A Life Less Ordinary : |
| Remainder of title | A Memoir / |
| Statement of responsibility, etc | Baby Halder ; translated by Urvashi Butalia. |
| 260 ## - PUBLICATION, DISTRIBUTION, ETC. (IMPRINT) | |
| Place of publication, distribution, etc | New York ; |
| Name of publisher, distributor, etc | HarprCollins, 2007 |
| Date of publication, distribution, etc | c2007. |
| 300 ## - PHYSICAL DESCRIPTION | |
| Extent | 175 p. ; |
| Dimensions | 23 cm. |
| 500 ## - GENERAL NOTE | |
| General note | Originally published: New Delhi ; New York : Zubaan : Penguin Books, 2006. |
| 520 ## - SUMMARY, ETC. | |
| Summary, etc | Autobiographical reminiscences of a poor woman from West Bengal, India, who served as a domestic help. |
| 600 ## - SUBJECT ADDED ENTRY--PERSONAL NAME | |
| Personal name | Halder, Baby |
| 9 (RLIN) | 22797 |
| 650 #0 - SUBJECT ADDED ENTRY--TOPICAL TERM | |
| Topical term or geographic name as entry element | Poor women |
| Geographic subdivision | India |
| -- | West Bengal |
| Form subdivision | Biography. |
| 9 (RLIN) | 22798 |
| 650 #0 - SUBJECT ADDED ENTRY--TOPICAL TERM | |
| Topical term or geographic name as entry element | Household employees |
| Geographic subdivision | India |
| -- | West Bengal |
| Form subdivision | Biography. |
| 9 (RLIN) | 22799 |
| 700 1# - ADDED ENTRY--PERSONAL NAME | |
| Personal name | Butalia, Urvashi. |
| 9 (RLIN) | 22800 |
| 942 ## - ADDED ENTRY ELEMENTS (KOHA) | |
| Source of classification or shelving scheme | Dewey Decimal Classification |
| Item type | Book - Borrowing |
| Withdrawn status | Item status | Source of classification or shelving scheme | Damaged status | Not for loan | Vendor | Home library | Current library | Shelving location | Date acquired | Source of acquisition | Cost, normal purchase price | Total Checkouts | Total Renewals | Full call number | Barcode | Date last seen | Date last borrowed | Cost, replacement price | Koha item type |
|---|---|---|---|---|---|---|---|---|---|---|---|---|---|---|---|---|---|---|---|
| Dewey Decimal Classification | AUC | Central Library | Central Library | First floor | 03/04/2011 | 18.75 | 1 | 3 | 305.489624092 HAL | 000023107 | 15/07/2025 | 30/09/2014 | 95.00 | Book - Borrowing |